| 000 | 01101nam a22002657a 4500 | ||
|---|---|---|---|
| 001 | 002357 | ||
| 003 | DO-SdBNP | ||
| 005 | 20180312114044.0 | ||
| 007 | 002357 | ||
| 008 | 160511b 2014 dr ||||| |||| 00| 0 spa d | ||
| 020 | _a9789945118674 | ||
| 040 |
_aBPMSU _bspa _cBPMSU |
||
| 245 |
_aInformática 3 : _beducación primaria / _hderección editorial Claudia Llibre ; ilustración Ruddy Núñez...[et.a.] |
||
| 260 |
_aSanto Domingo : _bSantillana, _c2014 |
||
| 300 |
_a61p. : _bil. ; _c29 cm. |
||
| 490 | _aTodos juntos | ||
| 500 | _aEste libro ha sido realizado de conformidad con el curriculum vigente y ha sido sometido a la aprobación del MINERD [Ministerio de Educación República Dominicana] | ||
| 505 |
_tConozco más la computadora -- _tTrabajo en windwos -- _tEscribo textos en wordpad -- _tEmpiezo a dibujar con paint -- _tAprendo Word -- _t Utilizo la internet -- |
||
| 700 | _aLlibre,Claudia | ||
| 700 |
_aNúñez, Ruddy _eil. |
||
| 830 | _aTodos juntos | ||
| 942 |
_2ddc _cBK |
||
| 945 | _aRemanejada para la BNPHU 2018 / BT | ||
| 956 |
_2VMATEO _310 _620160511 _8BPMSU _a0069 |
||
| 999 |
_c10107 _d10107 |
||